Oda a Tarragona i altres poemes / (Record no. 24683)

MARC details
000 -LEADER
campo de control de longitud fija 00577nam a2200169 i 4500
001 - NÚMERO DE CONTROL
campo de control 24683
003 - IDENTIFICADOR DE NÚMERO DE CONTROL
campo de control ES-MaACL
005 - FECHA Y HORA DE LA ÚLTIMA TRANSACCIÓN
campo de control 20230906153111.0
007 - CAMPO FIJO DE DESCRIPCIÓN FÍSICA--INFORMACIÓN GENERAL
campo de control de longitud fija t|
008 - DATOS DE LONGITUD FIJA--INFORMACIÓN GENERAL
campo de control de longitud fija 021218s1965 sp ||||1| spa d
100 1# - ENTRADA PRINCIPAL--NOMBRE DE PERSONA
Nombre de persona Antonio y Guardias, Antonio.
9 (RLIN) 21988
245 10 - MENCIÓN DEL TÍTULO
Título Oda a Tarragona i altres poemes /
Mención de responsabilidad, etc. Antonio Antonio y Guardias.
260 ## - PUBLICACIÓN, DISTRIBUCIÓN, ETC.
Lugar de publicación, distribución, etc. [Tarragona] :
Nombre del editor, distribuidor, etc. Instituto de Estudios Tarraconenses Ramón Berenguer IV,
Fecha de publicación, distribución, etc. 1965.
300 ## - DESCRIPCIÓN FÍSICA
Extensión 92 p. ;
Dimensiones 22 cm.
710 2# - ENTRADA AGREGADA--NOMBRE DE ENTIDAD CORPORATIVA
Nombre de entidad corporativa o nombre de jurisdicción como elemento de entrada Instituto de Estudios Tarraconenses "Ramón Berenguer IV"
9 (RLIN) 4935
852 ## - LOCALIZACIÓN
Ubicación ES-MaACL
Número de control de estantería C-30260
Sublocalización o colección R.60248
Holdings
Estatus retirado Estado de pérdida Estado de daño No para préstamo Biblioteca de origen Biblioteca actual Ubicación en estantería Fecha de adquisición Fuente de adquisición Total de préstamos Signatura topográfica completa Código de barras Visto por última vez Precio de reemplazo Tipo de ítem Koha
        Biblioteca del Ateneo de Madrid Biblioteca del Ateneo de Madrid Depósito 2 17/01/2008     C-30260 1025450 23/02/2023 23/02/2023 Libro impreso